| 000 | 00462nam a2200133Ia 4500 | ||
|---|---|---|---|
| 008 | 170419s9999 xx 000 0 und d | ||
| 100 | _aGross, Deborah. | ||
| 245 | _aToxic stress: urgent action needed to reduce exposure to toxic stress in pregnant women and young children | ||
| 245 | _cDeborah Gross, Linda Beeber, Janiece DeSocio, Laura Brennaman | ||
| 260 | _bElsevier | ||
| 260 | _c2016 | ||
| 300 | _aSeptember/November | ||
| 440 |
_aNursing Outlook _v64:5 |
||
| 999 |
_c329485 _d329485 |
||